Statistics for The Avengers and The Justice League

Click here to take the quiz!

General Stats

  • This quiz has been taken 399 times
  • The average score is 14 of 15

Answer Stats

HintAnswer% Correct
The First AvengerCaptain America
98%
The King of AsgardThor
98%
Man of SteelSuperman
97%
The Rage MonsterHulk
96%
The Golden AvengerIron Man
96%
The Web-SlingerSpiderman
96%
The King of the SeaAquaman
95%
The Caped CrusaderBatman
93%
The Feminine AssassinBlack Widow
93%
The Golden ArcherHawkeye
93%
The Amazonian PrincessWonder Woman
91%
Half Man Half MachineCyborg
86%
The Fastest Man AliveThe Flash
85%
The Emerald GuardianGreen Lantern
77%
Billy BatsonShazam
67%

Score Distribution

Percentile by Number Answered

Percent of People with Each Score

Your Score History

You have not taken this quiz